000 02082cam a22001934a 4500
005 20250605164340.0
008 250528s ||||||||||||||||||||||||d
035 _a23567
040 _aGR-AtMCL
_bgre
_dGR-AtMCL
_eAACR2
245 1 _aΑνάπτυξη Επιχειρηματικού Σχεδίου για την Σύσταση της Επιχείρησης ''The Beacon of Gastronomy''
260 _c2017
300 _a43
520 _aΕξώφυλλο-Λογότυπο, Brochure, Συστήνοντας την Ελλάδα - Introducing Greece, Πίνακες Περιεχομένων, Πρόλογος, Συνοπτική Παρουσίαση Επιχειρηματικού Σχεδίου, Αναλυτική Περιγραφή, του Γαστρονομικού Τουρισμού, Αναλυτικά η Γαστρονομική Προσέγγιση του Επιχειρηματικού Σχεδιού, Συστήνοντας τη Σαλαμίνα, Marketing Plan, Προϊόντα και Υπηρεσίες, Ανάλυση της Αγοράς, Έρευνα Αγοράς: Ερωτηματολόγιο και Απαντήσεις και Συμπεράσματα, Στρατηγική Εμπορικής Προώθησης (Marketing Strategy), Ανάλυση P.E.S.T. (Ανάλυση Περιβάλλοντος) και Ανάλυση S.W.O.T. (Θετικών και Αρνητικών Στοιχείων), Δομή και Ιδιοκτησία της Επιχείρησης, Διοίκηση (Management), Βασικοί Στόχοι (Key Objectives), Κίνδυνοι (Risks), Χρηματοοικονομικές Πληροφορίες, Τιμολόγηση, Πρόβλεψη Αποτελεσμάτων Πρώτου Έτους, Πηγές Χρηματοδότησης, Προσδιορισμός Νεκρού Σημείου (Break-even Analysis), Επίλογος, Βιβλιογραφία.
700 1 _aΓκουγκουλίδης Παναγιώτης
_99151
700 1 _aΛουτράρη Καλλιόπη
_99152
942 _cDS
999 _c8568
_d8568